• 首页
  • 本馆介绍
  • 公告通知
  • 最新文献
  • 馆藏检索
  • 电子资源
  • 读者导购
  • 参考咨询
  • 我的图书馆
  • 登录
  • 详细信息显示
  • 放入我的书架
  • 预约/预借图书
  • 作者相关作品
  • 分类相关作品
  • 丛书相关作品
  • 出版社相关作品

书目信息

  • 表格格式
  • 工作单格式
  • 卡片格式
题名:
澳大利亚简史
    
 
作者: 克拉克 著 ;中山大学 译
分册: 下册  
出版信息: 广州   广东人民出版社  1973.12
页数: 232页
开本: 32开
丛书名:
单 册:
中图分类: K611.0
科图分类:
主题词: 大洋洲--历史
电子资源:
ISBN:
000 00723nam0 2200253 45
001 0211220885
005 20031219104101.2
010    @dCNY1.60
091    @a11111.10
100    @a20021122d1973 km y0chiy0120 ea
101 0  @achi
105    @a z 000yy
200 1  @a澳大利亚简史@AAo Da Li Ya Jian Shi@h下册@f(澳)曼宁·克拉克著@F(Ao)Man Ning·Ke La Ke Zhu@g中山大学译
210    @a广州@c广东人民出版社@d1973.12
215    @a232页@d32开
300    @a内部读物
300    @a根据伦敦海纳曼书店1969年版译出
320    @a附录:索引
606 0  @a大洋洲@x历史
690    @aK611.0@v3
701  0 @a克拉克@4著
712 02 @a中山大学@AZhong Shan Da Xue@4译
801    @aCN@bTSTC@c20021216
905    @dK611.0@e1:2@f1@b219243
    
    澳大利亚简史.下册/(澳)曼宁·克拉克著/中山大学译.-广州:广东人民出版社,1973.12
    232页;32开
    内部读物.-根据伦敦海纳曼书店1969年版译出
    
    ISBN :CNY1.60
    
●
相关链接 在E读中查询图书 在五车中查询图书 在当当中查询图书 在豆瓣中查询图书


正题名:澳大利亚简史     索取号:K611.0/1:2         预约/预借

序号 登录号 条形码 馆藏地/架位号 状态 备注
1 0219243   001737124   第二借阅区/ [索取号:K611.0/1:2] 在馆    
2 0228516   001628331   第二样本阅览室/ [索取号:K611.0/1:2] 在馆    
唐山师范学院图书馆 欢迎您!
大连网信软件有限公司© 版权所有